Le Monde par lettre - J - Statistiques

Statistiques générales
  • Ce quiz a été pris 423 fois
  • Le résultat moyen est 10 sur 15
Statistiques - réponses
Indices Réponses % Correct
Rio de Janeiro
97%
Hitler ne les aimait pas Juifs
97%
_____ Bieber Justin
97%
Prénom du président américain actuel Joe
94%
Panthère / Marque d'autos Jaguar
93%
Fils de Dieu Jésus
89%
Ennemi de Batman Joker
82%
Seul département français commençant par J Jura
79%
Fleur généralement jaune Jonquille | Jasmin
77%
Troisième ville la plus peuplée du monde Jakarta
64%
Pays le moins peuplé commençant par J Jamaïque
60%
Conn sous le nom de ______ WRLD, il meurt en 2019 d'une overdose d'opiacés Juice
37%
Prénom masculin américain le plus donné entre 1920 et 2020 James
35%
Ville la plus peuplée aux États-Unis commençant par J Jacksonville
28%
Troisième prénom féminin américain le plus donné entre 1920 et 2020 Jennifer
11%
Aucun quiz correspondant
Distribution des résultats
% des personnes avec chaque résultat
Percentile par nombre de réponses
Votre historique - résultats
Vous n’avez pas pris ce quiz